LEADER 00728nam a2200205 i 4500 001 000000254595 003 CaOOAMICUS 005 20170612000000.0 008 170612s1870 it u000 u fre u 013 $a233500 040 $aSeMil$bita 245 10$aTome 2. 300 $a456 p. 490 0 $aÉtudes sur l'Emprire Romain ;$v11 773 0 $aChampagny, François : de $tCésars du troisième siècle.$dParis : Bray et Retaux, 1870.$g2$w()4646 830 0$aÉtudes sur l'Emprire Romain ;$v11.$0(OLS)http://semarc/title/400583 850 $aSeMil 852 $aSeMil$W1$xVenegono$y1$m3V VII 151 FA$j204941$B204941$CSeMilBibl$Z2$F218461 $8I 961 $aRecupero: Altro 996 $6245$aTome 2$9(OLS)http://semarc/title/1533 LEADER 01069nam a2200217 i 4500 001 000000218812 003 CaOOAMICUS 005 20130220000000.0 008 130220s2006 it u000 u ita u 013 $a197709 040 $aSeMil$bita 245 10$aIsaia, Geremia, Lamentazioni, Baruc. 300 $a223 p. :$bill. 650 4$aBibbia. Antico Testamento. Geremia - Commentari, studi, critica, interpretazioni.$0(OLS)http://semarc/subject/29 650 4$aBibbia. Antico Testamento. Isaia - Commentari, studi, critica, interpretazioni.$0(OLS)http://semarc/subject/111 650 4$aBibbia. Antico Testamento. Lamentazioni - Commentari, studi, critica, interpretazioni.$0(OLS)http://semarc/subject/13557 773 0 $aRavasi, Gianfranco $tRacconto della Bibbia.$dCinisello Balsamo : San Paolo, 2006-2007.$g7$w()28071 850 $aSeMil 852 $aSeMil$W1$xVenegono$y1$m2VA I 86$j268929$B169183$CSeMilBibl$Z2$F179982 $81 961 $aRecupero: Seminario di Seveso 996 $6245$aIsaia, Geremia, Lamentazioni, Baruc$9(OLS)http://semarc/title/314059